| 000 | 00400nam a2200145Ia 4500 | ||
|---|---|---|---|
| 008 | 230917s9999||||xx |||||||||||||| ||und|| | ||
| 040 |
_e69482 _aMAIN |
||
| 041 | _aEnglish | ||
| 082 | _a668 K676P | ||
| 100 | _aKlempner, Daniel, ed | ||
| 245 | 0 | _aPolymer alloys: blends, blocks, grafts and interpenetrating networks | |
| 260 |
_aNew York _bPlenum Press _c1977 |
||
| 300 | _ax, 491 p. | ||
| 942 | _cBK | ||
| 999 |
_c196756 _d196756 |
||